DEMOCRACY AND HUMAN RIGHTS (Record no. 2504)
[ view plain ]
| 000 -LEADER | |
|---|---|
| fixed length control field | 00413nam a22001577a 4500 |
| 005 - DATE AND TIME OF LATEST TRANSACTION | |
| control field | 20250110122820.0 |
| 008 - FIXED-LENGTH DATA ELEMENTS--GENERAL INFORMATION | |
| fixed length control field | 250110b |||||||| |||| 00| 0 eng d |
| 020 ## - INTERNATIONAL STANDARD BOOK NUMBER | |
| International Standard Book Number | 9788183872911 |
| 050 ## - LIBRARY OF CONGRESS CALL NUMBER | |
| Classification number | JC599. |
| Item number | IN2R24 RED |
| 100 ## - MAIN ENTRY--PERSONAL NAME | |
| Personal name | REDDY, RANGA A. |
| 245 ## - TITLE STATEMENT | |
| Title | DEMOCRACY AND HUMAN RIGHTS |
| 260 ## - PUBLICATION, DISTRIBUTION, ETC. | |
| Place of publication, distribution, etc. | NEW DELHI |
| Name of publisher, distributor, etc. | SERIALS PUBLICATION |
| Date of publication, distribution, etc. | 2009 |
| 300 ## - PHYSICAL DESCRIPTION | |
| Extent | viii, 289p |
| 500 ## - GENERAL NOTE | |
| General note | includes index |
| 942 ## - ADDED ENTRY ELEMENTS (KOHA) | |
| Source of classification or shelving scheme | Library of Congress Classification |
| Koha item type | Books |
| Suppress in OPAC | No |
| 999 ## - | |
| -- | 2504 |
| -- | 2504 |
| Withdrawn status | Lost status | Source of classification or shelving scheme | Damaged status | Not for loan | Collection | Home library | Current library | Shelving location | Date acquired | Total checkouts | Full call number | Barcode | Date last seen | Copy number | Price effective from | Koha item type |
|---|---|---|---|---|---|---|---|---|---|---|---|---|---|---|---|---|
| Library of Congress Classification | Non-fiction | Business Library (Miotso) | Business Library (Miotso) | General stacks | 04/22/2026 | JC599.IN2R24 RED | BSSM00003502 | 04/22/2026 | 1 | 04/22/2026 | Books | |||||
| Library of Congress Classification | Non-fiction | Law Library (Christ Temple) | Law Library (Christ Temple) | General stacks | 04/07/2025 | JC599.JN2R24 RED | LLCT00000536 | 04/07/2025 | 1 | 04/07/2025 | Books | |||||
| Library of Congress Classification | Non-fiction | Law Library (Christ Temple) | Law Library (Christ Temple) | General stacks | 04/07/2025 | JC599.JN2R24 RED | LLCT00000537 | 04/07/2025 | 2 | 04/07/2025 | Books | |||||
| Library of Congress Classification | Non-fiction | Law Library (Christ Temple) | Law Library (Christ Temple) | General stacks | 04/07/2025 | JC599.JN2R24 RED | LLCT00000538 | 04/07/2025 | 3 | 04/07/2025 | Books | |||||
| Library of Congress Classification | Non-fiction | Undergraduate Library (Christ Temple) | Undergraduate Library (Christ Temple) | General stacks | 01/10/2025 | JC599.IN2R24 RED | ulct00000771 | 01/10/2025 | 1 | 01/10/2025 | Books | |||||
| Library of Congress Classification | Non-fiction | Undergraduate Library (Christ Temple) | Undergraduate Library (Christ Temple) | General stacks | 01/10/2025 | JC599.IN2R24 RED | ulct00000772 | 01/10/2025 | 1 | 01/10/2025 | Books | |||||
| Library of Congress Classification | Non-fiction | Undergraduate Library (Christ Temple) | Undergraduate Library (Christ Temple) | General stacks | 01/10/2025 | JC599.IN2R24 RED | ulct00000773 | 01/10/2025 | 2 | 01/10/2025 | Books | |||||
| Library of Congress Classification | Non-fiction | Undergraduate Library (Christ Temple) | Undergraduate Library (Christ Temple) | General stacks | 01/10/2025 | JC599.IN2R24 RED | ulct00000774 | 01/10/2025 | 3 | 01/10/2025 | Books | |||||
| Library of Congress Classification | Non-fiction | Undergraduate Library (Christ Temple) | Undergraduate Library (Christ Temple) | General stacks | 01/10/2025 | JC599.IN2R24 RED | ulct00000775 | 01/10/2025 | 4 | 01/10/2025 | Books |